000 01244nam a22002057a 4500
003 JO-AjAnu
005 20240708085715.0
008 240708b jo ||||| |||| 00| 0 ara d
040 _aJO-AjAnu
_bara
_cJO-AjAnu
_erda
041 _aara
_hara
050 _aLC4704
_b2024
100 1 _aزعارير، محمد غازي علي
_eمعد
_966038
245 0 _aاستكشاف تأثير بعض العوامل الديمغرافية على تطبيق معلمي الطلبة ذوي صعوبات التعلم لاستراتيجية تحليل المهمة = Exploring the limpact of Some Demographic Factors on Students with Learning Disabilities Applying the Task Analysis Strategy /
_cاعداد محمد غازي علي زعارير؛ اشراف محمد احمد العمري
260 _c2024
300 _a70 ورقة
500 _aرسالة جامعية ( رسالم ماجستير في صعوبات التعلم)، جامعة عجلون الوطنية (عجلون، الاردن)، كلية العلوم التربوية، قسم التربية الخاصة، 2024.
650 7 0 _aصعوبات التعلم- معلمي صعوبات التعلم
_966039
700 1 _aالعمري، محمد احمد
_eمشرف
_966040
942 _2lcc
_cTHS
_n0
999 _c33572
_d33572